Paroles : Je ne vous oublie pas - Céline Dion - Statistiques

Statistiques générales
  • Ce quiz a été pris 69 fois
  • Le résultat moyen est 221 sur 276
Statistiques - réponses
Réponse % Correct
À
98%
Je
98%
(Je
98%
Me
98%
Ne
98%
Ou
98%
Oublie
98%
Pas
98%
Pas)
98%
Que
98%
Vous
98%
Ma
95%
Ce
93%
Jamais
93%
Mes
93%
Non
93%
Tout
93%
De
90%
Et
90%
Moi
90%
Vie
90%
C'est
88%
Êtes
88%
Nous
88%
Au
86%
Creux
86%
Notre
86%
Avec
83%
Dans
83%
Histoire
83%
Amours
81%
Fais
81%
Premiers
81%
Rêves
81%
Sont
81%
Le
76%
Venus
71%
Pour
69%
J'ai
64%
La
64%
Si
64%
J'en
62%
Se
62%
Comme
60%
Tant
60%
Sans
57%
Savez
57%
Alors
55%
Déchirures
52%
Doute
52%
Mon
52%
Pu
52%
Changé
50%
Dire
50%
En
50%
J'aurais
50%
Mais
50%
Partagent
50%
Quelques
50%
J'avais
48%
M'éloigner
48%
Nos
48%
Parfois
48%
Perdu
48%
Route
48%
Bonheurs
45%
Juste
43%
Mots
43%
Tendresse
43%
Absences
40%
Soit
40%
Paie
38%
Blesse
36%
Prix
36%
Même
33%
Continue
31%
Quelle
31%
Sourit
31%
Temps
31%
Choix
29%
Peut
29%
Terre
29%
Voyages
29%
Bout
26%
Envies
26%
Cage
24%
L'autre
24%
Mettre
24%
Parce
19%
Aucun quiz correspondant
Distribution des résultats
% des personnes avec chaque résultat
Percentile par nombre de réponses
Votre historique - résultats
Vous n’avez pas pris ce quiz